Central Library OPAC University of Rajshahi

A study in Milton's Christian doctrine / (Record no. 77278)

MARC details
000 -LEADER
fixed length control field 00723nam a2200253 a 4500
001 - CONTROL NUMBER
control field 77278
003 - CONTROL NUMBER IDENTIFIER
rucl marc code BD-RjUL
005 - DATE AND TIME OF LATEST TRANSACTION
control field 20211209082943.0
008 - FIXED-LENGTH DATA ELEMENTS--GENERAL INFORMATION
fixed length control field 200309s1939 enk 000 0beng
035 ## - SYSTEM CONTROL NUMBER
System control number 39-16356
System control number (OCoLC)2846057
System control number (BD-RjUL)77503
040 ## - CATALOGING SOURCE
Original cataloging agency DLC
Transcribing agency UCW
Modifying agency m.c
-- BD-RjUL
Language of cataloging eng
041 ## - LANGUAGE CODE
Language code of text/sound track or separate title eng
082 ## - DEWEY DECIMAL CLASSIFICATION NUMBER
Edition number 23
Classification number 821.4
Author mark and year SES 1939
100 1# - MAIN ENTRY--PERSONAL NAME
Personal name Sewell, Arthur.
9 (RLIN) 240615
245 02 - TITLE STATEMENT
Title A study in Milton's Christian doctrine /
Statement of responsibility, etc. by Arthur Sewell
260 ## - PUBLICATION, DISTRIBUTION, ETC. (IMPRINT)
Name of publisher, distributor, etc. London :
Place of publication, distribution, etc. Oxford University Press ,
Date of publication, distribution, etc. 1939
300 ## - PHYSICAL DESCRIPTION
Pagination xiii, 214 p.;
Size 19 cm.
600 10 - SUBJECT ADDED ENTRY--PERSONAL NAME
Personal name Milton, John,
Dates associated with a name 1608-1674
General subdivision Religion and ethics.
942 ## - ADDED ENTRY ELEMENTS (KOHA)
Source of classification or shelving scheme Dewey Decimal Classification
Koha item type Books
Holdings
Lost status Source of classification or shelving scheme Damaged status Not for loan Collection code Permanent Location Current Location Shelving location Date acquired Source of acquisition Cost, normal purchase price Total Checkouts Full call number Date last seen Copy number Koha item type
  Dewey Decimal Classification   Not For Loan Non-fiction Central Library, University of Rajshahi Central Library, University of Rajshahi Reading Room 08/08/1955 O.U.P. 4.40   821.4 SES 1939 09/03/2020 C-1 Books